|
|
|
|
| LEADER |
00000nab a2200000 a 4500 |
| 001 |
vtls000871026 |
| 003 |
SK-MaSNL |
| 005 |
20260304035539.0 |
| 008 |
180206c2004 xo 0 slo |
| 015 |
|
|
|a SNBRB2004/04-13450
|
| 035 |
|
|
|a CLN000222578
|
| 040 |
|
|
|a SNKBUCL
|b slo
|c SNKBUCL
|e AACR2
|
| 041 |
0 |
|
|a slo
|
| 044 |
|
|
|a xo
|c SK
|
| 080 |
|
|
|a 327.39(4):061.3
|2 UDC-MRF-SK2
|
| 100 |
0 |
|
|a (apl)
|4 aut
|9 860146
|
| 245 |
1 |
0 |
|a Lídri EÚ bilancovali (ne)plnenie lisabonskej agendy
|b zaostávanie ekonomickej výkonnosti únie za Amerikou ...
|c [autor] (apl)
|
| 300 |
|
|
|b Fotogr.
|
| 610 |
2 |
7 |
|a Európska únia
|2 SNKKA
|9 29861
|
| 648 |
|
7 |
|a 25.-26.3.2004
|2 SNK
|9 1319536
|
| 648 |
|
7 |
|a 2004
|2 SNK
|9 303492
|
| 650 |
0 |
7 |
|a summity
|2 SNKPH
|9 81437
|
| 655 |
|
7 |
|a články z novín a časopisov
|2 snkbucl
|9 267496
|
| 773 |
0 |
|
|x 1335-4671
|t Národná obroda
|g Roč. XV, č. 73 (27.3.2004), s. 5
|
| 850 |
|
|
|a Slovenská národná knižnica v Martine
|
| 852 |
|
|
|a SNK
|b KIS3GCP
|
| 958 |
|
|
|a RBX
|
| 999 |
|
|
|c 2658721
|d 2660651
|